00576 2200217 4500001002100000005001700021006001900038008004100057020002200098035002500120084001400145100001400159245002800173260003700201500002300238650001000261990002100271990002100292990002100313990002400334INLIS00000000000929520150122120611.0a ||| | 170609| ||| |  a978-602-9474-04-6 a0010-011500000007288 aFik TER s0 aTere Liye00aSepotong hati yang baru aJakartabMahaka Publishingc2014 avi, 206 hlm.; 21cm 0aFiksi a2683/B/KPAD/2014 a2684/B/KPAD/2014 a2685/B/KPAD/2014 a792/D/DINARPUS/2025